Biblioteka Instytutu Północnego w Olsztynie

Nowo wydany Kancyonał pruski, zawieraiący w sobie wybór pieśni starych i nowych, w ziemi pruskiey i brandenburskiey zwyczaynych, z wyrokami Pisma Ś. nad każdą pieśnią z gorliwemi modlitwami kościelnemi, pospolitemi i osobliwemi, wszystkim w obec służącemi, a oraz też z potrzebnemi reiestrami z przedmową nauczaiącą jakim sposobem tego Kancyonału każdy ku zbudowaniu swemu zażywać ma. (Rekord nr 27625)

Szczegóły MARC
000 -Nagłówek
fixed length control field 01692cam a2200313 i 4500
001 - Nr kontrolny bibl., która utworzyła rek.
control field xx002158724
003 - Siglum bibl., której nr kontr. jest w 001
control field NUKAT
005 - Data i czas ostatniej operacji
control field 20260416194923.0
008 - Elementy pola stałej długości
fixed length control field 110811s1906 ru |000 0 pol c
035 ## - Systemowy numer kontrolny
systemowy numer kontrolny (OCoLC)802434429
035 ## - Systemowy numer kontrolny
systemowy numer kontrolny (NUKAT)xx002158724
040 ## - Instytucja sporządzająca opis
Instytucja, która sporządziła opis POZN U/MC
Instytucja, która sporządziła rekord POZN U/MC
Instytucja, która zmodyfikowała rekord POZN U/KK
-- POZN U/DWs
041 1# - Kod nazwy języka dokumentu
Język tekstu pol
Language code of original ger
099 ## - Dowolny opis lokalny sygnatury
symbol klasyfikacji tn_792110
245 00 - Tytuł właściwy i oznaczenie odpow.
tytuł Nowo wydany Kancyonał pruski, zawieraiący w sobie wybór pieśni starych i nowych, w ziemi pruskiey i brandenburskiey zwyczaynych, z wyrokami Pisma Ś. nad każdą pieśnią z gorliwemi modlitwami kościelnemi, pospolitemi i osobliwemi, wszystkim w obec służącemi, a oraz też z potrzebnemi reiestrami z przedmową nauczaiącą jakim sposobem tego Kancyonału każdy ku zbudowaniu swemu zażywać ma.
246 30 - Inne formy tytułu, wariant tytułu
tytuł Nowo wydany kancjonał pruski zawierający w sobie wybór pieśni starych i nowych w ziemi pruskiej i brandenburskiej zwyczajnych [...]
246 30 - Inne formy tytułu, wariant tytułu
tytuł Kancyonał pruski zawieraiący w sobie wybór pieśni starych i nowych w ziemi pruskiey i brandenburskiey zwyczaynych [...]
260 ## - Adres wydawniczy
miejsce wydania, dystrybucji itp. Królewiec :
nazwa wydawcy, dystrybutora itp. Hartung,
data wydania, dystrybucji itp. 1906.
300 ## - Opis fizyczny
objętość i/lub forma materiału [1023] s. pag. varia ;
format 18 cm.
336 ## - Content Type
Term Tekst
Code txt
Source rdacontent
337 ## - Media Type
Term Bez urządzenia pośredniczącego
Code n
Source rdamedia
338 ## - Carrier Type
Term Wolumin
Code nc
Source rdacarrier
500 ## - Uwaga ogólna
uwaga ogólna Czcionka gotycka.
546 ## - Uwaga o języku opisywanego materiału
uwaga o języku Tekst tł. z niem. z zachowaniem oryginalnych tytułów pieśni.
650 #4 - Hasło przedmiotowe-nazwa pospolita
nazwa pospolita lub geogr. Pieśni religijne niemieckie
określnik formy teksty
-- tłumaczenia polskie.
źródło hasła kaba
9 (RLIN) 5048
650 #4 - Hasło przedmiotowe-nazwa pospolita
nazwa pospolita lub geogr. Kościół ewangelicko-augsburski
określnik formy pieśni religijne.
źródło hasła kaba
9 (RLIN) 5047
650 #4 - Hasło przedmiotowe-nazwa pospolita
nazwa pospolita lub geogr. Modlitwy
określnik rzeczowy Kościół ewangelicko-augsburski.
źródło hasła kaba
9 (RLIN) 5049
942 ## - ADDED ENTRY ELEMENTS (KOHA)
Source of classification or shelving scheme Dewey Decimal Classification
Koha item type pozycje dostępne na miejscu
Egzemplarze
Status wycofania Status zagubienia Klasyfikacja Status uszkodzenia Blokada wypożyczeń Kolekcja Lokalizacja macierzysta Lokalizacja bieżąca Data nabycia Numer akcesji Źródło akcesji Nr inwentarzowy il. wypożyczeń Sygnatura Kod kreskowy Date last seen Price effective from Typ egz. Uwaga OPAC
    Dewey Decimal Classification uszkodzona   Pracownia Badań Księgozbiorów Historycznych Biblioteka Instytutu Północnego w Olsztynie Pracownia Badań Księgozbiorów Historycznych 16/04/2026 K-40/1969 kupno 12930   12930 IPWK16593 16/04/2026 16/04/2026 pozycje dostępne na miejscu Na końcu tekstu brak stron 11-15.
Biblioteka Instytutu Północnego, ul. Partyzantów 87, 10-402 Olsztyn, email: biblioteka(at)ip.olsztyn.pl